01152nam a2200193Ia 4500001001100000003001000011008004100021040002500062041001300087100001900100245007600119250001100195260007000206300002700276500026000303501011400563520026000677650002100937L282-22835IT-CnALBA170116s9999||||xx |||||||||||||| ||und|| aIT-CnALBAcIT-CnALBA aITALIANO aBARRUEL, ABATE 0aSTORIA DEL CLERO IN TEMPO DELLA RIVOLUZIONE FRANCESE. VOLUMI I/II/III.  a1a ed. aROMAbPROPAGANDA FIDE. TIPOGR. POLIGL. ROMAc1888 [1° Ed.: n.d.] a452 p. (prefazione: 5) aTRADUZIONE DAL FRANCESE DI GIULIO ALVISINI, ABATE DI FARFA. DEDICA A PIO VI ATEI. ECONOMISTI. PERSECUZIONI. SPOGLIAMENTO DEL CLERO. ABOLIZIONE DELLE DECIME. COSTITUZIONE CIVILE DEL CLERO. OPPOSIZIONI. TORMENTI. INTRUSI. CARCERAZIONE GENERALE. VESSAZIONI.  aSocietà San Paolo EM - Piazza San Paolo, 14 - 12051 ALBA (CN) (non commercial uses only) ® Copyright 2017 aTRADUZIONE DAL FRANCESE DI GIULIO ALVISINI, ABATE DI FARFA. DEDICA A PIO VI ATEI. ECONOMISTI. PERSECUZIONI. SPOGLIAMENTO DEL CLERO. ABOLIZIONE DELLE DECIME. COSTITUZIONE CIVILE DEL CLERO. OPPOSIZIONI. TORMENTI. INTRUSI. CARCERAZIONE GENERALE. VESSAZIONI.  aCHIESA CATTOLICA